El valor de la ciencia
Salvato in:
| Autore principale: | |
|---|---|
| Natura: | Libro |
| Lingua: | spagnolo |
| Pubblicazione: |
Buenos Aires
Espasa-Calpe Argentina
1947
|
| Edizione: | 2a. ed |
| Serie: | Austral, 628
|
| Soggetti: | |
| Tags: |
Aggiungi Tag
Nessun Tag, puoi essere il primo ad aggiungerne!!
|
MARC
| LEADER | 00000nam a2200000 a 4500 | ||
|---|---|---|---|
| 001 | UCV7652 | ||
| 003 | CL-VaPUC | ||
| 008 | 890517e19470000AG |||||||||||||||||spa|d | ||
| 082 | 0 | 4 | |a 501 |b POI |2 21 |
| 100 | 0 | |a Poincaré, Jules Henri |e author |9 301782 | |
| 245 | 1 | 3 | |a El valor de la ciencia |
| 250 | |a 2a. ed | ||
| 300 | |a 173 p | ||
| 942 | |c BK | ||
| 945 | |d 19890517 00:00:00 | ||
| 260 | |a Buenos Aires |b Espasa-Calpe Argentina |c 1947 | ||
| 650 | 0 | |a Filosofía de las ciencias |9 256466 | |
| 583 | |a last modification |c 19890517 00:00:00 |k Rodrigo Vera | ||
| 490 | 0 | |a Austral, 628 | |
| 999 | |c 213295 |d 213293 | ||
| 952 | |0 0 |1 0 |4 0 |6 501_000000000000000_POI_1947 |7 0 |8 P |9 195542 |a BIBARQ |b BIBARQ |d 2019-11-14 |i 263581K |o 501 POI 1947 |p 263581K |r 2025-01-20 |w 2019-11-14 |y BK |k ARQ | ||
| 952 | |0 0 |1 0 |4 0 |6 501_000000000000000_POI_1947 |7 0 |8 P |9 195545 |a BIBEDU |b BIBEDU |c BIBEDU_PB |d 2019-11-14 |i 4740343 |o 501 POI 1947 |p 4740343 |r 2024-01-25 |w 2019-11-14 |y BK |k FIL | ||